Battle Cry /

Leon Uris (1924-2003), novelista y guionista norteamericano de ascendencia judía, sirvió como marine durante la Segunda Guerra Mundial. Su narrativa se circunscribe en contextos bélicos, donde sus personajes luchan por la sobrevivencia, la libertad o la independencia. Entre sus novelas adaptadas al...

Descrizione completa

Salvato in:
Dettagli Bibliografici
Autore principale: Uris, Leon (autor)
Natura: Libro
Lingua:inglese
Pubblicazione: Nueva York, EUA : Bantam Books, 1955, c1953
Soggetti:
Tags: Aggiungi Tag
Nessun Tag, puoi essere il primo ad aggiungerne!!

MARC

LEADER 00000nam^a2200000^a^4500
001 000293521
005 20250521000000.0
009 20260310112139.838
037 |a Acervo ITESO - Biblioteca 
041 |a ING 
082 |a 813.  |b URI 
100 |a Uris, Leon  |e (autor) 
245 1 0 |a Battle Cry /  |c L. Uris. 
264 4 |a Nueva York, EUA :  |b Bantam Books,  |c 1955, c1953 
300 |a 475 p. 
336 |a texto  |b txt  |2 rdacontenido 
337 |a sin mediación  |b n  |2 rdamedio 
338 |a volumen  |b nc  |2 rdasoporte 
520 |a Leon Uris (1924-2003), novelista y guionista norteamericano de ascendencia judía, sirvió como marine durante la Segunda Guerra Mundial. Su narrativa se circunscribe en contextos bélicos, donde sus personajes luchan por la sobrevivencia, la libertad o la independencia. Entre sus novelas adaptadas al cine se encuentran Grito de guerra, Conspiración en Atenas, exhibidas en México como Más allá de las lágrimas y Furia en las montañas, respectivamente, Exodo y Topaz; otras obras suyas son Mila 18, Armageddon, QB VII, Trinidad, El paso de Mitla y Redención. Destacan sus guiones para los filmes Grito de guerra y Duelo de titanes. 
649 |a XX 
650 |a Novela Norteamericana 
650 |a Literatura Norteamericana -  |y Siglo XX 
650 |a Militares Norteamericanos en la Literatura 
910 |a Fondo General 
920 |a Impresos - Libros 
930 |a Colección General 
940 |a Literatura 
905 |a 101 
901 |a 0500179735  |b IT1  |c LIT  |i 906699  |u 20250521 
902 |a https://opac.biblio.iteso.mx/vufind/Record/000293521